[Event "4NCL 2021-22"]
[Site "England"]
[Date "2022.02.13"]
[Round "4.69"]
[White "Heritage, Jamie"]
[Black "Grant, David J"]
[Result "0-1"]
[WhiteElo "2114"]
[BlackElo "2080"]
[Annotator "NA"]
[PlyCount "86"]
[EventDate "2021.11.27"]
[EventType "team-tourn"]
[EventCountry "ENG"]
[SourceTitle "playchess.com"]
[Source "ChessBase"]
[SourceQuality "1"]
[TimeControl "40/6000+30:3000+30"]

1. e4 {[%emt 0:00:29]} c5 {[%emt 0:01:03]} 2. Nf3 {[%emt 0:01:18]} d6 3. d4 {[%emt 0:00:17]} cxd4 {[%emt 0:01:14]} 4. Nxd4 {[%emt 0:00:04]} Nf6 {[%emt 0:00:07]} 5. Nc3 {[%emt 0:00:25]} Nc6 {[%emt 0:00:52]} 6. Be2 {[%emt 0:02:45]} e5 {[%emt 0:01:06]} 7. Nb3 {[%emt 0:02:31]} Be7 {[%emt 0:01:24]} 8. Be3 {[%emt 0:07:10]} Be6 {[%emt 0:02:59]} 9. Qd2 {[%emt 0:09:58]} O-O {[%emt 0:03:01]} 10. O-O-O {[%emt 0:02:15]} a5 {[%emt 0:04:13]} 11. Bb5 {[%emt 0:21:59]} a4 {[%emt 0:04:53]} 12. Bxa4 {[%emt 0:01:12]} Nxe4 {[%emt 0:02:15]} 13. Nxe4 {[%emt 0:00:02]} Rxa4 {[%emt 0:00:11]} 14. Nc3 {[%emt 0:00:16]} Ra6 {[%emt 0:02:50]} 15. Kb1 {[%emt 0:10:48]} Qa8 {[%emt 0:16:57]} 16. a3 {[%emt 0:13:23]} Rc8 {[%emt 0:02:41]} 17. Nd5 {[%emt 0:02:39]} Bd8 {[%emt 0:00:17]} 18. h4 {[%emt 0:05:35]} b5 {[%emt 0:11:39]} 19. f3 {[%emt 0:05:46]} b4 {[%emt 0:07:22]} 20. Nxb4 {[%emt 0:02:30]} Nxb4 {[%emt 0:01:09]} 21. Qxb4 {[%emt 0:00:04]} Bf5 {[%emt 0:00:28]} 22. Rd2 {[%emt 0:04:04]} Rb8 {[%emt 0:02:49]} 23. Qc4 {[%emt 0:00:15]} Ra4 {[%emt 0:08:11]} 24. Qd5 {[%emt 0:03:04]} Qxd5 {[%emt 0:00:28]} 25. Rxd5 {[%emt 0:00:03]} Rxb3 {[%emt 0:00:13]} 26. g4 {[%emt 0:01:07]} Rxe3 {[%emt 0:03:56]} 27. gxf5 {[%emt 0:00:14]} Bc7 {[%emt 0:00:26]} 28. Rd3 {[%emt 0:02:59]} Rxd3 {[%emt 0:00:59]} 29. cxd3 {[%emt 0:00:05]} Kf8 {[%emt 0:00:15]} 30. Rc1 {[%emt 0:03:24]} Bd8 {[%emt 0:01:50]} 31. Rc4 {[%emt 0:00:03]} Rxc4 {[%emt 0:01:23]} 32. dxc4 {[%emt 0:00:03]} Bxh4 {[%emt 0:00:08]} 33. a4 {[%emt 0:00:10]} Ke8 {[%emt 0:00:36]} 34. b4 {[%emt 0:00:06]} Be1 {[%emt 0:00:39]} 35. b5 {[%emt 0:00:06]} Kd7 {[%emt 0:00:30]} 36. Kc2 {[%emt 0:00:10]} Kc7 {[%emt 0:00:20]} 37. Kd3 {[%emt 0:00:06]} Kb6 {[%emt 0:00:18]} 38. Ke4 {[%emt 0:00:09]} Kc5 {[%emt 0:00:41]} 39. f6 {[%emt 0:00:01]} gxf6 {[%emt 0:00:24]} 40. Kf5 {[%emt 0:00:07]} h5 {[%emt 0:00:08]} 41. f4 {[%emt 0:50:08]} exf4 {[%emt 0:50:32]} 42. Kxf4 {[%emt 0:00:07]} Ba5 {[%emt 0:01:06]} 43. Kf5 {[%emt 0:00:12]} Kxc4 {[%emt 0:00:10]} 0-1

[Event "4NCL 2021-22"]
[Site "England"]
[Date "2022.02.13"]
[Round "4.70"]
[White "Kolani, Arjun"]
[Black "Walton, Alan J"]
[Result "1-0"]
[WhiteElo "2035"]
[BlackElo "2116"]
[Annotator "ChessBase"]
[PlyCount "90"]
[EventDate "2021.11.27"]
[EventType "team-tourn"]
[EventCountry "ENG"]
[SourceTitle "playchess.com"]
[Source "ChessBase"]
[SourceQuality "1"]
[TimeControl "40/6000+30:3000+30"]

1. e4 {[%emt 0:00:29]} e6 {[%emt 0:00:37]} 2. d4 {[%emt 0:00:36]} d5 {[%emt 0:00:31]} 3. Nc3 {[%emt 0:00:25]} Nf6 {[%emt 0:00:11]} 4. e5 {[%emt 0:00:51]} Nfd7 {[%emt 0:04:03]} 5. Nce2 {[%emt 0:00:32]} c5 {[%emt 0:02:45]} 6. c3 {[%emt 0:00:53]} Nc6 {[%emt 0:01:25]} 7. Nf3 {[%emt 0:00:38]} Be7 {[%emt 0:07:31]} 8. a3 {[%emt 0:06:18]} b6 {[%emt 0:04:51]} 9. Nf4 Qc7 {[%emt 0:04:47]} 10. Bd3 {[%emt 0:22:04]} Bb7 {[%emt 0:00:56]} 11. h4 {[%emt 0:05:26]} h6 {[%emt 0:02:26]} 12. h5 {[%emt 0:05:45]} O-O-O {[%emt 0:01:27]} 13. O-O {[%emt 0:12:28]} Rdg8 {[%emt 0:04:03]} 14. Re1 {[%emt 0:00:12]} Nf8 {[%emt 0:06:44]} 15. a4 {[%emt 0:03:15]} g5 {[%emt 0:06:38]} 16. hxg6 {[%emt 0:01:38]} fxg6 {[%emt 0:00:25]} 17. a5 {[%emt 0:15:47]} c4 {[%emt 0:03:39]} 18. axb6 {[%emt 0:00:32]} axb6 {[%emt 0:00:03]} 19. Bc2 {[%emt 0:05:22]} h5 {[%emt 0:00:06]} 20. Nh3 {[%emt 0:01:50]} Nh7 {[%emt 0:13:46]} 21. Nfg5 {[%emt 0:03:23]} Bxg5 {[%emt 0:00:47]} 22. Bxg5 {[%emt 0:02:31]} Nxg5 {[%emt 0:01:12]} 23. Nxg5 {[%emt 0:00:26]} Qe7 {[%emt 0:00:11]} 24. f4 {[%emt 0:01:27]} Nd8 {[%emt 0:00:56]} 25. Qf3 {[%emt 0:04:17]} Kb8 {[%emt 0:07:20]} 26. b3 {[%emt 0:05:33]} cxb3 {[%emt 0:00:42]} 27. Bxb3 {[%emt 0:00:35]} Nf7 {[%emt 0:00:35]} 28. Qh3 {[%emt 0:03:02]} Nxg5 {[%emt 0:00:41]} 29. fxg5 {[%emt 0:00:06]} Rf8 {[%emt 0:00:09]} 30. Bc2 {[%emt 0:01:25]} Rf4 {[%emt 0:02:11]} 31. Rf1 {[%emt 0:02:44]} Rhf8 {[%emt 0:03:15]} 32. Rxf4 {[%emt 0:05:25]} Rxf4 {[%emt 0:00:11]} 33. Bxg6 {[%emt 0:00:32]} Qxg5 {[%emt 0:02:02]} 34. Qxe6 {[%emt 0:00:20]} Rg4 {[%emt 0:00:53]} 35. Bf5 {[%emt 0:00:38]} Qe3+ {[%emt 0:00:47]} 36. Kh1 {[%emt 0:00:21]} Rh4+ {[%emt 0:00:22]} 37. Bh3 {[%emt 0:00:19]} Qxc3 {[%emt 0:00:06]} 38. Qd6+ {[%emt 0:00:53]} Qc7 {[%emt 0:00:01]} 39. Qf6 {[%emt 0:00:30]} Rxh3+ {[%emt 0:03:45]} 40. gxh3 {[%emt 0:00:09]} Qc3 {[%emt 0:00:14]} 41. Qd8+ {[%emt 0:50:41]} Bc8 {[%emt 0:50:22]} 42. Qxb6+ {[%emt 0:00:12]} Bb7 {[%emt 0:00:04]} 43. Qd8+ {[%emt 0:00:26]} Bc8 {[%emt 0:00:15]} 44. Qd6+ {[%emt 0:00:38]} Kb7 {[%emt 0:00:15]} 45. Rb1+ {[%emt 0:00:09]} Ka8 {[%emt 0:00:33]} 1-0

[Event "4NCL 2021-22"]
[Site "England"]
[Date "2022.02.13"]
[Round "4.71"]
[White "Gayson, Peter M"]
[Black "Willson, Ollie"]
[Result "1/2-1/2"]
[WhiteElo "2127"]
[BlackElo "2108"]
[Annotator "NA"]
[PlyCount "185"]
[EventDate "2021.11.27"]
[EventType "team-tourn"]
[EventCountry "ENG"]
[SourceTitle "playchess.com"]
[Source "ChessBase"]
[SourceQuality "1"]
[TimeControl "40/6000+30:3000+30"]

1. e4 {[%emt 0:00:04]} e5 {[%emt 0:03:35]} 2. Bc4 {[%emt 0:00:14]} Nf6 {[%emt 0:00:44]} 3. d4 {[%emt 0:00:24]} exd4 {[%emt 0:00:52]} 4. Nf3 {[%emt 0:01:09]} Bb4+ {[%emt 0:01:45]} 5. c3 {[%emt 0:04:45]} dxc3 {[%emt 0:00:17]} 6. O-O {[%emt 0:00:25]} O-O {[%emt 0:06:29]} 7. e5 {[%emt 0:10:48]} d5 8. exf6 {[%emt 0:18:45]} dxc4 {[%emt 0:19:29]} 9. fxg7 {[%emt 0:00:24]} Re8 {[%emt 0:00:04]} 10. Qa4 {[%emt 0:06:35]} Nc6 {[%emt 0:04:51]} 11. bxc3 {[%emt 0:02:42]} Qf6 {[%emt 0:11:36]} 12. Bg5 {[%emt 0:20:11]} Qxg7 {[%emt 0:00:19]} 13. Nbd2 {[%emt 0:02:33]} Bxc3 {[%emt 0:17:22]} 14. Rab1 {[%emt 0:10:19]} Bd7 {[%emt 0:16:40]} 15. Qxc4 {[%emt 0:03:52]} Ne5 {[%emt 0:00:43]} 16. Qxc3 {[%emt 0:11:56]} Nxf3+ {[%emt 0:00:05]} 17. Qxf3 {[%emt 0:00:12]} Qxg5 {[%emt 0:00:04]} 18. Qxb7 {[%emt 0:08:22]} Qxd2 {[%emt 0:16:04]} 19. Rbd1 {[%emt 0:02:09]} Qxa2 {[%emt 0:00:06]} 20. Rxd7 {[%emt 0:00:38]} Qe2 {[%emt 0:04:31]} 21. Qxc7 {[%emt 0:00:47]} Rac8 {[%emt 0:00:41]} 22. Qg3+ {[%emt 0:01:16]} Kf8 {[%emt 0:01:20]} 23. Qf4 {[%emt 0:00:22]} Qe6 {[%emt 0:00:08]} 24. Rxa7 {[%emt 0:01:14]} Rc4 {[%emt 0:00:11]} 25. Qf3 {[%emt 0:00:31]} Re4 {[%emt 0:01:44]} 26. Qa3+ {[%emt 0:00:32]} Kg8 {[%emt 0:01:01]} 27. Ra8 {[%emt 0:00:49]} Re1 {[%emt 0:02:07]} 28. Qg3+ {[%emt 0:00:32]} Kf8 {[%emt 0:00:14]} 29. Rxe8+ {[%emt 0:00:47]} Qxe8 {[%emt 0:00:14]} 30. Qd6+ {[%emt 0:00:14]} Kg8 {[%emt 0:00:55]} 31. Qg3+ {[%emt 0:00:16]} Kf8 {[%emt 0:00:19]} 32. Qa3+ {[%emt 0:00:29]} Qe7 {[%emt 0:01:04]} 33. Qb2 {[%emt 0:01:46]} Rxf1+ {[%emt 0:00:42]} 34. Kxf1 {[%emt 0:00:02]} Qe4 {[%emt 0:00:33]} 35. Qb8+ {[%emt 0:00:31]} Kg7 {[%emt 0:00:34]} 36. Qb2+ {[%emt 0:00:16]} Kf8 {[%emt 0:00:18]} 37. Qa3+ {[%emt 0:00:22]} Kg7 {[%emt 0:00:25]} 38. Qg3+ {[%emt 0:00:32]} Kf8 {[%emt 0:00:34]} 39. Qe3 {[%emt 0:01:02]} Qc4+ {[%emt 0:00:44]} 40. Ke1 {[%emt 0:00:20]} Qb4+ {[%emt 0:00:26]} 41. Ke2 {[%emt 0:50:45]} Qg4+ {[%emt 0:03:19]} 42. Qf3 {[%emt 0:00:00]} Qe6+ {[%emt 0:02:10]} 43. Kf1 {[%emt 0:00:00]} Qc4+ {[%emt 0:00:48]} 44. Qe2 {[%emt 0:00:00]} Qc1+ {[%emt 0:00:05]} 45. Qe1 {[%emt 0:00:00]} Qc4+ {[%emt 0:00:05]} 46. Kg1 {[%emt 0:00:00]} Qd4 {[%emt 0:08:31]} 47. g3 {[%emt 0:00:00]} Qd5 {[%emt 0:01:17]} 48. Qb4+ {[%emt 0:00:00]} Kg7 {[%emt 0:08:20]} 49. Qg4+ {[%emt 0:00:00]} Kf8 {[%emt 0:00:51]} 50. h4 {[%emt 0:00:00]} Qc6 {[%emt 0:04:47]} 51. Qf4 {[%emt 0:00:00]} Kg7 {[%emt 0:04:58]} 52. Kh2 {[%emt 0:00:00]} f6 {[%emt 0:04:26]} 53. Qg4+ {[%emt 0:00:00]} Kf7 {[%emt 0:03:36]} 54. Qf5 {[%emt 0:00:00]} Kg7 {[%emt 0:00:37]} 55. h5 {[%emt 0:00:00]} Qd6 {[%emt 0:04:47]} 56. Kh3 {[%emt 0:00:00]} Qc6 {[%emt 0:02:14]} 57. f3 {[%emt 0:00:00]} Qd6 {[%emt 0:02:39]} 58. Kh4 {[%emt 0:00:00]} Qd2 {[%emt 0:00:32]} 59. Qg4+ {[%emt 0:00:00]} Kf7 {[%emt 0:02:01]} 60. Qc4+ {[%emt 0:00:00]} Kg7 {[%emt 0:00:40]} 61. Qg4+ {[%emt 0:00:00]} Kf7 {[%emt 0:01:16]} 62. Qf5 {[%emt 0:00:00]} Kg7 {[%emt 0:00:19]} 63. Qc5 {[%emt 0:00:00]} Qd8 {[%emt 0:01:28]} 64. g4 {[%emt 0:00:00]} Qe8 {[%emt 0:01:17]} 65. Qc7+ {[%emt 0:00:00]} Kg8 {[%emt 0:00:53]} 66. Kh3 {[%emt 0:00:00]} Qe2 {[%emt 0:00:52]} 67. Qc8+ Kg7 {[%emt 0:00:30]} 68. Qb7+ Kh6 {[%emt 0:00:30]} 69. Qe4 Qf1+ {[%emt 0:00:30]} 70. Kg3 Qg1+ {[%emt 0:00:30]} 71. Kf4 Qc5 {[%emt 0:00:30]} 72. Qe3 Qd6+ {[%emt 0:00:30]} 73. Kf5+ Kg7 {[%emt 0:00:30]} 74. h6+ Kf8 {[%emt 0:00:30]} 75. Qf4 Qb6 {[%emt 0:00:30]} 76. Qc4 Ke7 {[%emt 0:00:30]} 77. Qe4+ Kf7 {[%emt 0:00:30]} 78. Qd5+ Ke7 {[%emt 0:00:30]} 79. f4 Qa6 {[%emt 0:00:30]} 80. Qc5+ Ke8 {[%emt 0:00:30]} 81. g5 Qd3+ {[%emt 0:00:30]} 82. Kg4 Qd1+ {[%emt 0:00:30]} 83. Kg3 Qd3+ {[%emt 0:00:30]} 84. Kf2 Qd2+ {[%emt 0:00:30]} 85. Kf3 Qd3+ {[%emt 0:00:30]} 86. Qe3+ Qxe3+ {[%emt 0:00:30]} 87. Kxe3 fxg5 {[%emt 0:00:30]} 88. fxg5 Kf7 {[%emt 0:00:30]} 89. Kf4 Kg8 {[%emt 0:00:30]} 90. Kf5 Kf7 {[%emt 0:00:30]} 91. Ke5 Kg8 {[%emt 0:00:30]} 92. Kf6 Kh8 {[%emt 0:00:30]} 93. Kf7 1/2-1/2

[Event "4NCL 2021-22"]
[Site "England"]
[Date "2022.02.13"]
[Round "4.72"]
[White "Blake, J Morgan"]
[Black "Burnett, Jim"]
[Result "1/2-1/2"]
[WhiteElo "2122"]
[BlackElo "2055"]
[Annotator "NA"]
[PlyCount "37"]
[EventDate "2021.11.27"]
[EventType "team-tourn"]
[EventCountry "ENG"]
[SourceTitle "playchess.com"]
[Source "ChessBase"]
[SourceQuality "1"]
[TimeControl "40/6000+30:3000+30"]

1. e4 {[%emt 0:00:08]} e6 {[%emt 0:00:04]} 2. d4 {[%emt 0:00:05]} d5 {[%emt 0:00:04]} 3. Nd2 {[%emt 0:00:05]} c5 {[%emt 0:00:22]} 4. exd5 {[%emt 0:00:22]} Qxd5 {[%emt 0:00:05]} 5. Ngf3 {[%emt 0:00:12]} cxd4 {[%emt 0:00:08]} 6. Bc4 {[%emt 0:00:10]} Qd6 {[%emt 0:00:06]} 7. O-O {[%emt 0:00:23]} Nf6 {[%emt 0:00:10]} 8. Nb3 {[%emt 0:00:15]} Nc6 {[%emt 0:00:13]} 9. Nbxd4 {[%emt 0:00:35]} Nxd4 {[%emt 0:00:11]} 10. Nxd4 {[%emt 0:00:06]} a6 {[%emt 0:00:16]} 11. Re1 {[%emt 0:09:52]} Be7 {[%emt 0:06:42]} 12. Bb3 {[%emt 0:08:50]} O-O {[%emt 0:05:40]} 13. Nf3 {[%emt 0:02:27]} Qxd1 {[%emt 0:02:44]} 14. Rxd1 {[%emt 0:00:02]} Rd8 {[%emt 0:05:02]} 15. Be3 {[%emt 0:05:12]} Rxd1+ {[%emt 0:05:21]} 16. Rxd1 {[%emt 0:00:02]} Bd7 {[%emt 0:00:16]} 17. Ne5 {[%emt 0:02:50]} Be8 {[%emt 0:00:19]} 18. Bb6 {[%emt 0:01:51]} Ne4 {[%emt 0:10:13]} 19. c3 {[%emt 0:23:16]} 1/2-1/2

[Event "4NCL 2021-22"]
[Site "England"]
[Date "2022.02.13"]
[Round "4.73"]
[White "Taylor, Adam A"]
[Black "Gallana, Marco"]
[Result "1-0"]
[WhiteElo "2277"]
[BlackElo "2277"]
[Annotator "ChessBase"]
[PlyCount "79"]
[EventDate "2021.11.27"]
[EventType "team-tourn"]
[EventCountry "ENG"]
[SourceTitle "playchess.com"]
[Source "ChessBase"]
[SourceQuality "1"]
[TimeControl "40/6000+30:3000+30"]

1. Nf3 {[%emt 0:00:06]} Nf6 {[%emt 0:00:09]} 2. g3 {[%emt 0:00:04]} g6 {[%emt 0:00:06]} 3. Bg2 {[%emt 0:00:04]} Bg7 {[%emt 0:00:34]} 4. O-O {[%emt 0:00:07]} d5 {[%emt 0:00:19]} 5. d4 {[%emt 0:01:01]} O-O {[%emt 0:00:09]} 6. c4 {[%emt 0:00:02]} c6 {[%emt 0:00:13]} 7. cxd5 {[%emt 0:00:07]} cxd5 {[%emt 0:00:09]} 8. Nc3 {[%emt 0:00:04]} e6 {[%emt 0:00:12]} 9. Bf4 {[%emt 0:01:25]} Bd7 {[%emt 0:00:31]} 10. Qd3 {[%emt 0:22:11]} Qe7 {[%emt 0:08:00]} 11. Rfc1 {[%emt 0:04:47]} Rd8 {[%emt 0:03:12]} 12. a3 {[%emt 0:12:01]} Be8 {[%emt 0:05:20]} 13. b4 {[%emt 0:13:08]} Nc6 {[%emt 0:02:35]} 14. Ne5 {[%emt 0:04:10]} Nxe5 {[%emt 0:23:47]} 15. Bxe5 {[%emt 0:01:25]} Bh6 {[%emt 0:02:01]} 16. Bxf6 {[%emt 0:12:26]} Qxf6 {[%emt 0:00:27]} 17. e3 {[%emt 0:00:02]} Bf8 {[%emt 0:04:48]} 18. Rc2 {[%emt 0:04:12]} a6 {[%emt 0:02:47]} 19. Rac1 {[%emt 0:00:38]} a5 {[%emt 0:09:13]} 20. b5 {[%emt 0:00:14]} a4 {[%emt 0:04:34]} 21. Bf1 {[%emt 0:05:14]} Qg7 {[%emt 0:11:17]} 22. Na2 {[%emt 0:10:05]} Bd6 {[%emt 0:00:43]} 23. Nb4 {[%emt 0:02:10]} Qf8 {[%emt 0:00:35]} 24. Qd2 {[%emt 0:00:13]} Bd7 {[%emt 0:02:44]} 25. Kg2 {[%emt 0:01:33]} Qe8 {[%emt 0:05:00]} 26. b6 {[%emt 0:04:44]} Bb5 {[%emt 0:03:22]} 27. Bd3 {[%emt 0:01:48]} Bxd3 {[%emt 0:05:01]} 28. Qxd3 {[%emt 0:00:14]} Ra5 {[%emt 0:00:21]} 29. Rb2 {[%emt 0:06:24]} Kg7 {[%emt 0:04:57]} 30. Qc3 {[%emt 0:01:06]} Rb5 {[%emt 0:03:23]} 31. Nd3 {[%emt 0:00:09]} Rxb2 {[%emt 0:00:37]} 32. Qxb2 {[%emt 0:00:06]} Rc8 {[%emt 0:01:03]} 33. Nc5 {[%emt 0:01:11]} Qe7 {[%emt 0:00:16]} 34. Qb5 {[%emt 0:00:32]} Rc6 {[%emt 0:01:10]} 35. Rc3 {[%emt 0:01:54]} e5 {[%emt 0:03:54]} 36. Nxa4 {[%emt 0:00:27]} exd4 {[%emt 0:01:09]} 37. Rxc6 {[%emt 0:01:22]} bxc6 {[%emt 0:01:15]} 38. Qxc6 {[%emt 0:00:05]} dxe3 {[%emt 0:01:15]} 39. Qc3+ {[%emt 0:00:34]} Kf8 {[%emt 0:02:05]} 40. Qh8# {[%emt 0:00:10]} 1-0

[Event "4NCL 2021-22"]
[Site "England"]
[Date "2022.02.13"]
[Round "4.74"]
[White "Zulfic, Fedja"]
[Black "Dunn, Andrew"]
[Result "1/2-1/2"]
[WhiteElo "2231"]
[BlackElo "2153"]
[Annotator "ChessBase"]
[PlyCount "84"]
[EventDate "2021.11.27"]
[EventType "team-tourn"]
[EventCountry "ENG"]
[SourceTitle "playchess.com"]
[Source "ChessBase"]
[SourceQuality "1"]
[TimeControl "40/6000+30:3000+30"]

1. d4 {[%emt 0:07:16]} d5 {[%emt 0:00:04]} 2. Bf4 {[%emt 0:00:31]} Nf6 {[%emt 0:00:52]} 3. e3 {[%emt 0:00:53]} c5 {[%emt 0:00:57]} 4. c3 {[%emt 0:01:51]} Nc6 {[%emt 0:02:18]} 5. Nd2 {[%emt 0:00:19]} Bf5 {[%emt 0:07:15]} 6. Ngf3 {[%emt 0:00:33]} Qb6 {[%emt 0:04:02]} 7. Nh4 {[%emt 0:04:40]} Bg4 {[%emt 0:07:32]} 8. Qb1 {[%emt 0:06:09]} cxd4 {[%emt 0:08:48]} 9. exd4 {[%emt 0:02:29]} h6 {[%emt 0:06:15]} 10. Bg3 {[%emt 0:20:32]} Bd7 {[%emt 0:12:14]} 11. Bd3 {[%emt 0:06:32]} e6 {[%emt 0:01:48]} 12. O-O {[%emt 0:05:06]} Be7 {[%emt 0:01:25]} 13. Kh1 {[%emt 0:03:09]} Nh5 {[%emt 0:06:56]} 14. b4 {[%emt 0:09:05]} Nxg3+ {[%emt 0:03:15]} 15. fxg3 {[%emt 0:00:25]} Bf6 {[%emt 0:00:26]} 16. a4 {[%emt 0:06:22]} Qc7 {[%emt 0:03:56]} 17. Nb3 {[%emt 0:06:39]} b6 {[%emt 0:03:14]} 18. Qe1 {[%emt 0:05:18]} Ne7 {[%emt 0:03:51]} 19. a5 {[%emt 0:01:05]} Rc8 {[%emt 0:02:25]} 20. Ba6 {[%emt 0:04:54]} Rb8 {[%emt 0:00:49]} 21. axb6 {[%emt 0:03:47]} axb6 {[%emt 0:00:08]} 22. Bd3 {[%emt 0:04:12]} Rc8 {[%emt 0:02:12]} 23. Rc1 {[%emt 0:00:27]} Ba4 {[%emt 0:02:29]} 24. Nd2 {[%emt 0:00:16]} Bd7 {[%emt 0:04:14]} 25. Nhf3 {[%emt 0:03:07]} Nc6 {[%emt 0:05:39]} 26. b5 {[%emt 0:00:53]} Na5 {[%emt 0:00:52]} 27. c4 {[%emt 0:01:40]} dxc4 {[%emt 0:00:45]} 28. Nxc4 {[%emt 0:01:41]} Nxc4 {[%emt 0:02:28]} 29. Rxc4 {[%emt 0:01:01]} Qd6 {[%emt 0:02:20]} 30. Rxc8+ {[%emt 0:00:53]} Bxc8 {[%emt 0:00:06]} 31. Qe4 {[%emt 0:00:24]} Qd5 {[%emt 0:02:34]} 32. Rc1 {[%emt 0:02:02]} Bd7 {[%emt 0:02:05]} 33. Qxd5 {[%emt 0:02:14]} exd5 {[%emt 0:00:06]} 34. Rc7 {[%emt 0:00:07]} Kd8 {[%emt 0:01:41]} 35. Rb7 {[%emt 0:00:13]} Re8 {[%emt 0:00:43]} 36. Rxb6 {[%emt 0:00:14]} Re3 {[%emt 0:00:11]} 37. Bf1 {[%emt 0:00:16]} Bg4 {[%emt 0:03:09]} 38. Rd6+ {[%emt 0:00:36]} Ke7 {[%emt 0:00:10]} 39. Rxd5 {[%emt 0:00:17]} Rxf3 {[%emt 0:00:09]} 40. gxf3 {[%emt 0:01:32]} Bxf3+ {[%emt 0:00:05]} 41. Bg2 {[%emt 0:50:26]} Bxd5 {[%emt 0:50:06]} 42. Bxd5 {[%emt 0:00:09]} Bxd4 {[%emt 0:00:07]} 1/2-1/2

[Event "4NCL 2021-22"]
[Site "England"]
[Date "2022.02.13"]
[Round "4.75"]
[White "Turner, Max N"]
[Black "Quinn, John M"]
[Result "1-0"]
[WhiteElo "2223"]
[BlackElo "2206"]
[Annotator "ChessBase"]
[PlyCount "61"]
[EventDate "2021.11.27"]
[EventType "team-tourn"]
[EventCountry "ENG"]
[SourceTitle "playchess.com"]
[Source "ChessBase"]
[SourceQuality "1"]
[TimeControl "40/6000+30:3000+30"]

1. d4 {[%emt 0:00:05]} Nf6 {[%emt 0:00:05]} 2. c4 {[%emt 0:00:11]} g6 {[%emt 0:00:06]} 3. g3 {[%emt 0:00:13]} Bg7 {[%emt 0:00:13]} 4. Bg2 {[%emt 0:01:04]} d6 {[%emt 0:01:30]} 5. Nc3 {[%emt 0:00:10]} O-O {[%emt 0:00:08]} 6. Nf3 {[%emt 0:00:52]} Nbd7 {[%emt 0:00:09]} 7. O-O {[%emt 0:00:39]} e5 {[%emt 0:00:54]} 8. h3 {[%emt 0:00:10]} a6 {[%emt 0:05:02]} 9. dxe5 {[%emt 0:01:49]} dxe5 {[%emt 0:00:31]} 10. Be3 {[%emt 0:00:29]} c6 {[%emt 0:09:13]} 11. Nd2 {[%emt 0:08:50]} Qe7 {[%emt 0:08:36]} 12. Qb3 {[%emt 0:04:47]} Re8 {[%emt 0:14:17]} 13. Rfd1 {[%emt 0:08:10]} Nc5 {[%emt 0:17:46]} 14. Bxc5 {[%emt 0:17:48]} Qxc5 {[%emt 0:00:12]} 15. Nde4 {[%emt 0:00:18]} Nxe4 {[%emt 0:13:35]} 16. Nxe4 {[%emt 0:00:12]} Qe7 {[%emt 0:00:04]} 17. Nd6 {[%emt 0:04:09]} Rf8 {[%emt 0:05:54]} 18. c5 {[%emt 0:08:13]} Kh8 {[%emt 0:13:57]} 19. Rd2 {[%emt 0:03:06]} f5 {[%emt 0:05:01]} 20. Rad1 {[%emt 0:08:21]} e4 {[%emt 0:00:18]} 21. e3 {[%emt 0:06:42]} Be6 {[%emt 0:02:25]} 22. Qa3 {[%emt 0:01:56]} Be5 {[%emt 0:02:17]} 23. Bf1 {[%emt 0:02:02]} g5 {[%emt 0:02:46]} 24. Bc4 {[%emt 0:11:18]} f4 {[%emt 0:03:50]} 25. Bxe6 {[%emt 0:14:02]} Qxe6 {[%emt 0:00:04]} 26. Qb3 {[%emt 0:00:09]} Qxh3 {[%emt 0:01:20]} 27. Nf7+ {[%emt 0:01:41]} Kg7 {[%emt 0:02:40]} 28. Nxe5 {[%emt 0:02:48]} f3 {[%emt 0:00:23]} 29. Rd7+ {[%emt 0:00:03]} Kh8 {[%emt 0:00:37]} 30. Ng6+ {[%emt 0:00:19]} hxg6 {[%emt 0:00:25]} 31. Qc3+ {[%emt 0:00:07]} 1-0